00000000nam##2200000za#4500
0019.615532
003CaOODSP
00520200514165628
007ta
008150406|2000||||xxc|||||     f|0| 0 eng|d
020 |a0-662-30097-1
040 |aCaOODSP|beng
043 |an-cn---
0861 |aNH18-22/100-114E
1102 |aCanada Mortgage and Housing Corporation.
24510|aService life of multi-unit residential building elements and equipment
260 |aOttawa - Ontario : |bCanada Mortgage and Housing Corporation |c2000.
300 |a4p. : |btables ; |c28 cm.
4901 |aResearch highlight. Technical series |v00-114
563 |aPamphlet
590 |a01-10|b2001-03-09
69007|aConstruction materials|2gcpds
69007|aHousing|2gcpds
69007|aIndustry|2gcpds
7760#|tService life of multi-unit residential building elements and equipment |w(CaOODSP)9.580787
830#0|aResearch highlight. Technical series ;|v00-114|w(CaOODSP)9.514826
986 |a60975